Living happily ever after--separately / (Record no. 18174)

000 -LEADER
fixed length control field 00740nam a22002655a 4500
001 - CONTROL NUMBER
control field 16990600
003 - CONTROL NUMBER IDENTIFIER
control field OkBaRHE
005 - DATE AND TIME OF LATEST TRANSACTION
control field 20120328150939.0
008 - FIXED-LENGTH DATA ELEMENTS--GENERAL INFORMATION
fixed length control field 111005s2011 vau 000 0 eng
010 ## - LIBRARY OF CONGRESS CONTROL NUMBER
LC control number 2011940585
020 ## - INTERNATIONAL STANDARD BOOK NUMBER
International Standard Book Number 9780983826415 (pbk.)
040 ## - CATALOGING SOURCE
Transcribing agency OkBaRHE
042 ## - AUTHENTICATION CODE
Authentication code pcc
050 ## - LIBRARY OF CONGRESS CALL NUMBER
Classification number HQ 734
Item number .M86 L5
100 1# - MAIN ENTRY--PERSONAL NAME
Personal name Stoessel, Lise Stryker.
9 (RLIN) 2269
245 10 - TITLE STATEMENT
Title Living happily ever after--separately /
Statement of responsibility, etc Lise Stryker Stoessel.
250 ## - EDITION STATEMENT
Edition statement 1st Ed.
260 ## - PUBLICATION, DISTRIBUTION, ETC. (IMPRINT)
Place of publication, distribution, etc Richmond, VA :
Name of publisher, distributor, etc Brandylane Publishers,
Date of publication, distribution, etc 1973.
263 ## - PROJECTED PUBLICATION DATE
Projected publication date 1111
300 ## - PHYSICAL DESCRIPTION
Extent 64 p. cm.
650 ## - SUBJECT ADDED ENTRY--TOPICAL TERM
Topical term or geographic name as entry element Marriage conduct of life.
9 (RLIN) 2270
906 ## - LOCAL DATA ELEMENT F, LDF (RLIN)
a 0
b ibc
c orignew
d 2
e epcn
f 20
g y-gencatlg
942 ## - ADDED ENTRY ELEMENTS (KOHA)
Source of classification or shelving scheme
Koha item type Books
Copies
Barcode Permanent Location Date last seen Current Location Withdrawn status Not for loan Source of classification or shelving scheme Copy number Damaged status Lost status Koha item type Date acquired Shelving location Full call number Price effective from
22508RHEMA Bible Training College2012-03-29RHEMA Bible Training College   1  Books2012-03-28General StacksHQ 734 .M86 L52012-03-28